01169nam a2200301Ia 4500001001200000003000800012006001900020007001500039008004100054020001800095020001800113040002100131035002100152050002400173100002300197245010800220260004800328300001100376504005100387533015200438650001900590650002200609650004700631655002900678710001700707856012600724999001700850ebr10745647CaPaEBRm o u cr cn|||||||||130815s2013 enk sb 001 0 eng d z9781782840817 z9781845195137 aCaPaEBRcCaPaEBR a(OCoLC)85915771314aHM831b.G873 2013eb1 aGurruchaga, Ander.10aSocieties of social innovationh[electronic resource] :bvoices and arguments /cAnder Gurrutxaga Abad. aEastbourne :bSussex Academic Press,c2013. a233 p. aIncludes bibliographical references and index. aElectronic reproduction.bPalo Alto, Calif. :cebrary,d2013.nAvailable via World Wide Web.nAccess may be limited to ebrary affiliated libraries. 0aSocial change. 0aSocial evolution. 0aTechnological innovationsxSocial aspects. 7aElectronic books.2local2 aebrary, Inc.40uhttp://site.ebrary.com/lib/rucke/Doc?id=10745647zAn electronic book accessible through the World Wide Web; click to view c14133d14133